| 000 | 00472nam a22001937a 4500 | ||
|---|---|---|---|
| 005 | 20260602132527.0 | ||
| 008 | 260602b |||||||| |||| 00| 0 eng d | ||
| 020 |
_a9788123928418 _c650.00 |
||
| 040 | _aMAIN | ||
| 041 | _aEnglish | ||
| 082 |
_a530.02462 _bKAK |
||
| 100 |
_aKakani, S.L. _94114 |
||
| 245 | _aEngineering Physics | ||
| 250 | _a3rd | ||
| 260 |
_aNew Delhi _bCBS Publishers _c2016 |
||
| 300 | _a801 | ||
| 650 |
_aPhysics (PM USHA) _926699 |
||
| 942 | _cBK | ||
| 999 |
_c60961 _d60961 |
||